| 000 | 00866cam a2200265 a 4500 | ||
|---|---|---|---|
| 001 | 12770512 | ||
| 005 | 20180226072043.0 | ||
| 008 | 020510s2002 nyu 000 0 eng d | ||
| 010 | _a 2002280828 | ||
| 020 | _a0761125183 | ||
| 035 | _a(OCoLC)ocm49614133 | ||
| 040 |
_aRLS _cRLS _dDLC |
||
| 041 | _aeng | ||
| 042 | _alccopycat | ||
| 080 | _a305.26 kat | ||
| 082 | 0 | 0 |
_a305.26 kat _222 |
| 100 | _a49 | ||
| 101 | _asoc | ||
| 245 | 0 | 0 |
_aAge doesn't matter unless you're a cheese : _c[compiled] by Kathryn and Ross Petras. |
| 246 | 3 | _aAge does not matter unless you are a cheese | |
| 246 | 3 | 0 | _aWisdom from our elders |
| 906 |
_a7 _bcbc _ccopycat _d2 _encip _f20 _gy-gencatlg |
||
| 942 |
_2ddc _cBK |
||
| 999 |
_c43451 _d43451 |
||